000 00559nam a2200205Ia 4500
003 GCL
005 20240530095920.0
008 140319s9999 xx 000 0 eng d
020 _a0521448255
040 _aGCL /
_cGCL
082 0 4 _a780
_bM M
100 1 _aMILLS, JANET
245 1 0 _aMUSIC IN THE PRIMARY SCHOOL /
_cMILLS, JANET
260 _aنيويورك :
_bCAMLRIDGE UNIVERSITY PRESS ،
_c1991
300 _a182 P ؛
_c22 cm.
650 0 4 _aMUSIC - ELEMENTS
650 0 4 _aMUSIC - PRIMARY SCHOOL
650 0 4 _aMUSIC - EDUCATION
942 _2ddc
_cBK
999 _c12049
_d12049